[Event "Mar de Ajo op 6th"]
[Site "Mar de Ajo"]
[Date "2024.11.08"]
[Round "1"]
[White "Iribarren, Francisco"]
[Black "Contin, Daniel"]
[Result "0-1"]
[WhiteElo "1831"]
[BlackElo "2220"]
[PlyCount "44"]
[EventDate "2024.11.08"]
[EventType "swiss"]
[EventRounds "6"]
[EventCountry "ARG"]
[SourceTitle "CB45_2024"]
[Source "ChessBase"]
[SourceDate "2024.11.06"]
[SourceVersion "1"]
[SourceVersionDate "2024.11.06"]
[SourceQuality "1"]

1. e4 c5 2. Nf3 d6 3. d4 cxd4 4. Nxd4 Nf6 5. f3 e5 6. Bb5+ Bd7 7. Bxd7+ Nbxd7 8. Nb3 b5 9. Be3 Nb6 10. Qe2 a6 11. Nc3 b4 12. Bxb6 Qxb6 13. Nd5 Nxd5 14. exd5 Be7 15. Qd3 0-0 16. Nd2 f5 17. Nc4 Qc5 18. b3 Bg5 19. Rf1 e4 20. fxe4 fxe4 21. Rxf8+ Rxf8 22. Qg3 Qg1+ 0-1

[Event "La Palma Island op"]
[Site "Santa Cruz de La Palma"]
[Date "2024.08.09"]
[Round "10"]
[White "Hernandez Leon, Alberto"]
[Black "Contin, Daniel"]
[Result "0-1"]
[WhiteElo "2258"]
[BlackElo "2210"]
[PlyCount "80"]
[EventDate "2024.08.02"]
[EventType "swiss"]
[EventRounds "10"]
[EventCountry "ESP"]
[SourceTitle "CBM 221 Extra"]
[Source "ChessBase"]
[SourceDate "2024.09.30"]
[SourceVersion "1"]
[SourceVersionDate "2024.09.30"]
[SourceQuality "1"]

1. d4 e6 2. c4 Nf6 3. Nf3 c5 4. d5 b5 5. Bg5 h6 6. Bxf6 Qxf6 7. Qc2 b4 8. e4 d6 9. Nbd2 Nd7 10. Be2 g5 11. 0-0 Bg7 12. Rab1 0-0 13. Rfd1 h5 14. e5 Nxe5 15. Nxe5 Qxe5 16. Nf3 Qf6 17. h4 gxh4 18. Qe4 e5 19. Nxh4 Qg5 20. g3 Bh6 21. Kg2 Bd7 22. f4 exf4 23. Qxf4 Qxf4 24. gxf4 Bxf4 25. Bxh5 Rfe8 26. Kf3 Bh6 27. Rg1+ Kf8 28. Bg4 Re3+ 29. Kf2 Re4 30. Bxd7 Rxh4 31. Rg4 Rh2+ 32. Kf3 Ke7 33. Bc6 Rh8 34. Re1+ Kf6 35. Kg3 Bd2 36. Rf1+ Ke5 37. Rg7 R8h3+ 38. Kg4 Rh4+ 39. Kg3 f5 40. Re7+ Kf6 0-1

[Event "La Palma Island op"]
[Site "Santa Cruz de La Palma"]
[Date "2024.08.06"]
[Round "7"]
[White "Contin, Daniel"]
[Black "Martinez Duany, Lelys Stanley"]
[Result "0-1"]
[WhiteElo "2210"]
[BlackElo "2439"]
[PlyCount "60"]
[EventDate "2024.08.02"]
[EventType "swiss"]
[EventRounds "10"]
[EventCountry "ESP"]
[SourceTitle "CBM 221 Extra"]
[Source "ChessBase"]
[SourceDate "2024.09.30"]
[SourceVersion "1"]
[SourceVersionDate "2024.09.30"]
[SourceQuality "1"]

1. Nf3 c5 2. c4 g6 3. g3 b6 4. Bg2 Bb7 5. d4 cxd4 6. Qxd4 Nf6 7. Nc3 Bg7 8. 0-0 d6 9. Be3 Nbd7 10. Rfd1 Rc8 11. Rac1 0-0 12. Qh4 a6 13. b3 Re8 14. Bh6 Bxh6 15. Qxh6 b5 16. Nd5 bxc4 17. Ng5 Bxd5 18. Bxd5 e6 19. Bxc4 Qb6 20. e3 d5 21. Be2 Qa5 22. Rxc8 Rxc8 23. a4 Rc2 24. Bf3 Qc3 25. Qh4 Qxb3 26. Rd4 Qc3 27. Qh3 h6 28. Nxe6 Qe1+ 29. Qf1 Qxf1+ 30. Kxf1 fxe6 0-1

[Event "ITA-ch sf 83rd"]
[Site "Parma"]
[Date "2024.07.24"]
[Round "5"]
[White "Contin, Daniel"]
[Black "Bergero, Simone"]
[Result "0-1"]
[WhiteElo "2207"]
[BlackElo "2032"]
[PlyCount "120"]
[EventDate "2024.07.21"]
[EventType "swiss"]
[EventRounds "9"]
[EventCountry "ITA"]
[SourceTitle "CBM 221 Extra"]
[Source "ChessBase"]
[SourceDate "2024.09.30"]
[SourceVersion "1"]
[SourceVersionDate "2024.09.30"]
[SourceQuality "1"]

1. Nf3 d5 2. b3 c5 3. e3 Nc6 4. Bb5 a6 5. Bxc6+ bxc6 6. Ne5 g6 7. Bb2 f6 8. Nd3 e5 9. f4 e4 10. Nf2 Bg7 11. d3 exd3 12. cxd3 Ne7 13. 0-0 0-0 14. Qc1 Qa5 15. e4 Re8 16. Nd2 Be6 17. Qc2 Rad8 18. Rac1 dxe4 19. Nfxe4 Nd5 20. Nc4 Qc7 21. Nxc5 Nxf4 22. Rce1 Bf5 23. Rxe8+ Rxe8 24. Ne4 Qa7+ 25. Kh1 Nxd3 26. Ncd6 Rxe4 27. Nxe4 Bxe4 28. Qc4+ Qf7 29. Qxe4 Nxb2 30. Qxc6 h5 31. Qxa6 f5 32. Re1 f4 33. Qa8+ Kh7 34. Qe4 Qa7 35. Qxf4 Qxa2 36. Qf3 Qa6 37. g4 Nd3 38. Rg1 Ne5 39. Qf1 Qb7+ 40. Qg2 Qxg2+ 41. Kxg2 Nxg4 42. b4 Be5 43. h3 Ne3+ 44. Kf3 Nf5 45. b5 Bc7 46. Rd1 Kh6 47. Rd7 Bb6 48. Ke4 Kg5 49. Ke5 Ne3 50. Ke6 Ng2 51. Rd6 Nf4+ 52. Kf7 Bc7 53. Rc6 Bb8 54. b6 Kh4 55. Rc8 Bd6 56. Kf6 Nd5+ 57. Kxg6 Ne7+ 58. Kf7 Nxc8 59. b7 Nb6 60. Ke6 Bb8 0-1

[Event "ITA-ch sf 83rd"]
[Site "Parma"]
[Date "2024.07.22"]
[Round "2"]
[White "Barp, Alberto"]
[Black "Contin, Daniel"]
[Result "1/2-1/2"]
[WhiteElo "2463"]
[BlackElo "2207"]
[PlyCount "130"]
[EventDate "2024.07.21"]
[EventType "swiss"]
[EventRounds "9"]
[EventCountry "ITA"]
[SourceTitle "CBM 221 Extra"]
[Source "ChessBase"]
[SourceDate "2024.09.30"]
[SourceVersion "1"]
[SourceVersionDate "2024.09.30"]
[SourceQuality "1"]

1. d4 Nf6 2. c4 g6 3. g3 Bg7 4. Bg2 0-0 5. Nc3 d6 6. Nf3 Nbd7 7. 0-0 e5 8. e4 c6 9. Be3 Ng4 10. Bg5 Qb6 11. h3 Ngf6 12. Qd2 exd4 13. Nxd4 Re8 14. Rad1 a5 15. Be3 Qa6 16. b3 Nc5 17. Bh6 Qb6 18. Bxg7 Kxg7 19. Rfe1 a4 20. Rb1 axb3 21. axb3 Ra3 22. b4 Na4 23. Nxa4 Rxa4 24. Qc3 c5 25. Nb5 Bd7 26. bxc5 Qxc5 27. Rec1 Ra2 28. Rb2 Rxb2 29. Qxb2 Bc6 30. Nc7 Rc8 31. Nd5 Bxd5 32. exd5 b5 33. g4 h6 34. h4 g5 35. hxg5 hxg5 36. Be4 bxc4 37. Qc3 Re8 38. Bf3 Re5 39. Rd1 Kf8 40. Rd4 Nxd5 41. Bxd5 Rxd5 42. Rxc4 Rd1+ 43. Kg2 Qd5+ 44. f3 Qd2+ 45. Qxd2 Rxd2+ 46. Kg3 Ke7 47. Re4+ Kd7 48. f4 d5 49. Ra4 Rd3+ 50. Kf2 gxf4 51. Rxf4 Ke6 52. g5 Rh3 53. Rf6+ Ke7 54. Rf5 d4 55. Ke2 d3+ 56. Kd2 Rg3 57. Rd5 Ke6 58. Ra5 Rf3 59. Rb5 Kd6 60. g6 fxg6 61. Rb6+ Ke5 62. Rxg6 Ke4 63. Rg4+ Rf4 64. Rxf4+ Kxf4 65. Kxd3 Ke5 1/2-1/2

[Event "Criciuma op-A"]
[Site "Criciuma"]
[Date "2024.01.15"]
[Round "5"]
[White "Contin, Daniel"]
[Black "Perdomo, Leandro Daniel"]
[Result "1/2-1/2"]
[WhiteElo "2203"]
[BlackElo "2382"]
[PlyCount "92"]
[EventDate "2024.01.12"]
[EventType "swiss"]
[EventRounds "9"]
[EventCountry "BRA"]
[SourceTitle "CBM 218 Extra"]
[Source "ChessBase"]
[SourceDate "2024.03.31"]
[SourceVersion "1"]
[SourceVersionDate "2024.03.31"]
[SourceQuality "1"]

1. c4 g6 2. Nc3 Bg7 3. g3 c5 4. Bg2 Nc6 5. a3 e5 6. b4 d6 7. Rb1 Nge7 8. d3 0-0 9. Nf3 Rb8 10. 0-0 h6 11. Nd2 cxb4 12. axb4 e4 13. b5 Na5 14. Qc2 exd3 15. exd3 Nf5 16. Nf3 g5 17. h3 Be6 18. g4 Ne7 19. Be3 f5 20. Bxa7 fxg4 21. hxg4 Bxg4 22. Nh2 Ra8 23. Nxg4 Rxa7 24. Nd5 b6 25. Qe2 Nxd5 26. Bxd5+ Kh8 27. Rfe1 h5 28. Kg2 Qc8 29. Rh1 h4 30. Rhe1 Re7 31. Qxe7 Qxg4+ 32. Kf1 Qh3+ 33. Bg2 Qxd3+ 34. Qe2 Qxc4 35. Rbd1 Be5 36. Rd3 g4 37. Qd2 Rf4 38. Re4 Nb3 39. Qe3 Qxb5 40. Rxe5 dxe5 41. Bd5 e4 42. Bxe4 Rxe4 43. Qh6+ Kg8 44. Qg6+ Kf8 45. Qh6+ Kg8 46. Qg6+ Kf8 1/2-1/2

[Event "EU-ch Seniors 50 22nd"]
[Site "Acqui Terme"]
[Date "2023.05.31"]
[Round "6"]
[White "Dishman, Stephen"]
[Black "Contin, Daniel"]
[Result "1-0"]
[WhiteElo "2259"]
[BlackElo "2231"]
[PlyCount "75"]
[EventDate "2023.05.26"]
[EventType "swiss"]
[EventRounds "9"]
[EventCountry "ITA"]
[SourceTitle "CBM 214 Extra"]
[Source "ChessBase"]
[SourceDate "2023.07.31"]
[SourceVersion "1"]
[SourceVersionDate "2023.07.31"]
[SourceQuality "1"]

1. d4 Nf6 2. Nf3 b6 3. Bf4 Bb7 4. e3 c5 5. Be2 g6 6. c4 cxd4 7. exd4 Bg7 8. Nc3 d5 9. Ne5 0-0 10. Bf3 e6 11. Bg5 h6 12. Bxf6 Bxf6 13. cxd5 exd5 14. 0-0 Na6 15. Re1 Re8 16. g3 Kg7 17. Bg2 Qd6 18. f4 Nc7 19. Rc1 b5 20. h4 h5 21. Kh2 a6 22. Rc2 Rad8 23. Ne2 Re7 24. Ng1 Qb6 25. Ngf3 Ne8 26. Ng5 Nd6 27. Qd3 Ne4 28. Bh3 Bxe5 29. fxe5 f6 30. exf6+ Qxf6 31. Rf1 Qd6 32. Qf3 Nf6 33. Qf4 Bc6 34. Qxf6+ Qxf6 35. Rxf6 Kxf6 36. Rxc6+ Kg7 37. Ne6+ Rxe6 38. Bxe6 1-0

[Event "EU-ch Seniors 50 22nd"]
[Site "Acqui Terme"]
[Date "2023.05.29"]
[Round "4"]
[White "Contin, Daniel"]
[Black "Prie, Eric"]
[Result "1-0"]
[WhiteElo "2231"]
[BlackElo "2352"]
[PlyCount "65"]
[EventDate "2023.05.26"]
[EventType "swiss"]
[EventRounds "9"]
[EventCountry "ITA"]
[SourceTitle "CBM 214 Extra"]
[Source "ChessBase"]
[SourceDate "2023.07.31"]
[SourceVersion "1"]
[SourceVersionDate "2023.07.31"]
[SourceQuality "1"]

1. c4 c6 2. e4 d5 3. exd5 cxd5 4. d4 Nf6 5. Nc3 Nc6 6. Bg5 e6 7. c5 Be7 8. Bb5 0-0 9. Nf3 Ne4 10. Bxe7 Qxe7 11. Rc1 e5 12. Nxd5 Qd8 13. Bxc6 bxc6 14. Nb4 Qf6 15. 0-0 Bg4 16. Qd3 Bxf3 17. Qxf3 Qxf3 18. gxf3 Nd2 19. Nxc6 Nxf1 20. Kxf1 exd4 21. Ke2 Rfe8+ 22. Kd3 Kf8 23. b4 a6 24. a4 Re6 25. Nxd4 Rh6 26. b5 axb5 27. axb5 Rxh2 28. b6 Rxf2 29. b7 Rb8 30. Rb1 Ke8 31. c6 Kd8 32. Nb5 Rxf3+ 33. Ke4 1-0

[Event "Mercosur Cup 24th"]
[Site "Buenos Aires"]
[Date "2022.10.31"]
[Round "1"]
[White "Contin, Daniel"]
[Black "Campos, Maria Jose"]
[Result "1/2-1/2"]
[WhiteElo "2235"]
[BlackElo "2259"]
[PlyCount "95"]
[EventDate "2022.10.31"]
[EventType "tourn"]
[EventRounds "9"]
[EventCountry "ARG"]
[EventCategory "2"]
[SourceTitle "CBM 211 Extra"]
[Source "ChessBase"]
[SourceDate "2023.01.31"]
[SourceVersion "1"]
[SourceVersionDate "2023.01.31"]
[SourceQuality "1"]

1. c4 e6 2. e4 b6 3. Nc3 Bb4 4. Qb3 Nc6 5. Nf3 Bb7 6. d4 Qe7 7. Bd3 f5 8. Bg5 Qf8 9. 0-0 Na5 10. Qc2 Bxc3 11. bxc3 h6 12. Bc1 0-0-0 13. Ne5 Ne7 14. exf5 exf5 15. d5 Qf6 16. Re1 Rde8 17. Qa4 Nec6 18. f4 Nxe5 19. fxe5 Rxe5 20. Rxe5 Qxe5 21. Bd2 Qf6 22. Rf1 g6 23. Re1 Ba6 24. Qb4 c5 25. Qa4 Kd8 26. Rf1 Re8 27. g3 Kc8 28. Rf2 h5 29. h4 Re5 30. Kh2 Rxd5 31. cxd5 Bxd3 32. Qf4 Nc4 33. Be1 Qe5 34. Qxe5 Nxe5 35. Kh3 Be4 36. d6 Kb7 37. Bd2 Kc6 38. Bf4 Nc4 39. a4 Nxd6 40. a5 Nc4 41. axb6 axb6 42. Ra2 Na5 43. Kh2 d5 44. Kg1 Kb5 45. Re2 Kc6 46. Ra2 Bb1 47. Re2 Be4 48. Ra2 1/2-1/2

[Event "Pontevedra op-A 10th"]
[Site "Pontevedra"]
[Date "2022.07.30"]
[Round "9"]
[White "Martinez Reyes, Pedro Ramon"]
[Black "Contin, Daniel"]
[Result "1/2-1/2"]
[WhiteElo "2408"]
[BlackElo "2206"]
[PlyCount "156"]
[EventDate "2022.07.24"]
[EventType "swiss"]
[EventRounds "9"]
[EventCountry "ESP"]
[SourceTitle "CBM 209 Extra"]
[Source "ChessBase"]
[SourceDate "2022.09.30"]
[SourceVersion "1"]
[SourceVersionDate "2022.09.30"]
[SourceQuality "1"]

1. e4 e6 2. d4 d5 3. Nd2 c5 4. exd5 exd5 5. Ngf3 a6 6. dxc5 Bxc5 7. Nb3 Ba7 8. Bd3 Nc6 9. 0-0 Qd6 10. Be3 Bxe3 11. Qe2 Nge7 12. Qxe3 0-0 13. Rfe1 Bf5 14. Rad1 Rad8 15. Bxf5 Nxf5 16. Qg5 Qg6 17. Qxg6 hxg6 18. c3 b6 19. Nfd4 Nfxd4 20. Nxd4 Na5 21. b4 Nc4 22. Nc6 Rd6 23. Ne7+ Kh7 24. f4 Kh6 25. Rd3 Kh5 26. Rg3 d4 27. Rg5+ Kh6 28. Rg3 Kh5 29. Rg5+ Kh6 30. Rg4 Kh5 31. h3 f5 32. Rg5+ Kh6 33. cxd4 Nd2 34. d5 Ne4 35. Rxe4 fxe4 36. Rg4 g5 37. fxg5+ Kh5 38. g6 e3 39. Re4 Kg5 40. Rxe3 Kf6 41. g4 Re8 42. h4 Rxe7 43. g5+ Kxg6 44. Rxe7 Rxd5 45. Re6+ Kh5 46. Rxb6 Rd1+ 47. Kf2 Rd2+ 48. Kg3 Rxa2 49. Rb8 Ra1 50. Rh8+ Kg6 51. Ra8 Kf5 52. b5 Ra3+ 53. Kf2 Ra2+ 54. Ke3 Ra3+ 55. Kd2 a5 56. b6 Rb3 57. Rxa5+ Kg4 58. Ra6 Kxh4 59. Kc2 Rb5 60. Kc3 Kxg5 61. Kc4 Rb1 62. Ra5+ Kf4 63. Rb5 Rc1+ 64. Kd5 Rc8 65. Rb4+ Kf5 66. b7 Rb8 67. Kc6 g5 68. Kc7 Rxb7+ 69. Rxb7 g4 70. Kd6 g3 71. Kd5 Kf4 72. Rb2 Kf3 73. Rb3+ Kf4 74. Kd4 g2 75. Rb1 Kf3 76. Kd3 Kf2 77. Rb2+ Kf3 78. Rxg2 Kxg2 1/2-1/2

[Event "Pontevedra op-A 10th"]
[Site "Pontevedra"]
[Date "2022.07.27"]
[Round "5"]
[White "Bernal Moro, Luis Javier"]
[Black "Contin, Daniel"]
[Result "0-1"]
[WhiteElo "2404"]
[BlackElo "2206"]
[PlyCount "66"]
[EventDate "2022.07.24"]
[EventType "swiss"]
[EventRounds "9"]
[EventCountry "ESP"]
[SourceTitle "EXT 2023"]
[Source "ChessBase"]
[SourceDate "2022.10.05"]
[SourceVersion "1"]
[SourceVersionDate "2022.10.05"]
[SourceQuality "1"]

1. c4 e5 2. Nc3 Nf6 3. Nf3 Nc6 4. e4 Bb4 5. d3 d6 6. h3 a5 7. Be3 0-0 8. Be2 a4 9. a3 Bxc3+ 10. bxc3 b6 11. Nd2 Re8 12. 0-0 Nd7 13. d4 Qf6 14. Nf3 h6 15. Bd3 Nf8 16. Kh2 g5 17. Bc2 Bd7 18. Ng1 Na5 19. Bd3 Nb3 20. Ra2 Ne6 21. d5 Nf4 22. Bb1 Bc8 23. g3 Ba6 24. gxf4 gxf4 25. Bd3 Kh8 26. Bc1 Rg8 27. f3 Qh4 28. Rff2 Rg3 29. Rg2 Rag8 30. Rxg3 Rxg3 31. Kh1 Bc8 32. Rh2 Nxc1 33. Qxc1 Bxh3 0-1